000 00568nam a2200229Ia 4500
005 20250425162115.0
008 250425s9999 xx 000 0 und d
020 _a842520643X
041 _aspa
082 _a604.262138
100 _aRASKHODOFF, NICHOLAS M.
245 0 _aGUIA DEL DIBUJANTE PROYECTISTA EN ELECTRONICA
250 _a1A ED.
260 _aBARCELONA
260 _aEspaña
_bGUSTAVO GILI
_c1977
300 _a632
650 _aDELINEANTES
650 _aDIBUJO ELECTRONICO
650 _aDISEÑO ELECTRONICO
942 _c01
010 _a50534
999 _c222447
_d222447